LEADER 02098oam 2200613 450 001 9910712069803321 005 20190329111420.0 035 $a(CKB)5470000002489402 035 $a(OCoLC)1048000078 035 $a(EXLCZ)995470000002489402 100 $a20180807d1959 ua 0 101 0 $aeng 135 $aur||||||||||| 181 $ctxt$2rdacontent 182 $cc$2rdamedia 183 $acr$2rdacarrier 200 10$aSurface water supply of the United States, 1956$hPart 1-B$iNorth Atlantic slope basins, New York to York River /$fprepared under the direction of J.V.B. Wells 210 1$a[Washington, D.C.] :$cUnited States Department of the Interior, Geological Survey,$d1959. 210 2$aWashington :$cUnited States Government Printing Office. 215 $a1 online resource (xii, 627 pages) $cillustrations, maps 225 1 $aGeological Survey water-supply paper ;$v1432 300 $a"Prepared in cooperation with the States of Delaware, Maryland, Massachusetts, New Jersey, New York, Pennsylvania, Vermont, Virginia, and West Virginia, and with other agencies." 300 $aIncludes index. 606 $aWater-supply$zNortheastern States 606 $aWater quality$zNortheastern States 606 $aWater quality$2fast 606 $aWater-supply$2fast 607 $aNew York (State) 607 $aYork River (Va.) 607 $aNortheastern States$2fast 615 0$aWater-supply 615 0$aWater quality 615 7$aWater quality. 615 7$aWater-supply. 700 $aWells$b J. V. B.$01385991 712 02$aGeological Survey (U.S.), 712 02$aDelaware. 712 02$aMaryland. 712 02$aMassachusetts. 712 02$aNew Jersey. 712 02$aNew York (State) 712 02$aPennsylvania. 712 02$aVermont. 712 02$aVirginia. 712 02$aWest Virginia. 801 0$bCOP 801 1$bCOP 801 2$bOCLCO 801 2$bOCLCF 801 2$bGPO 906 $aBOOK 912 $a9910712069803321 996 $aSurface water supply of the United States, 1956$93440006 997 $aUNINA LEADER 05749nam 2200793Ia 450 001 9910966587103321 005 20200520144314.0 010 $a9786613531261 010 $a9781280127380 010 $a1280127384 010 $a9781849693318 010 $a1849693315 035 $a(CKB)2670000000161633 035 $a(EBL)934496 035 $a(OCoLC)781776444 035 $a(SSID)ssj0000654191 035 $a(PQKBManifestationID)11372905 035 $a(PQKBTitleCode)TC0000654191 035 $a(PQKBWorkID)10661693 035 $a(PQKB)11142647 035 $a(Au-PeEL)EBL934496 035 $a(CaPaEBR)ebr10547160 035 $a(CaONFJC)MIL353126 035 $a(PPN)22802210X 035 $a(FR-PaCSA)88850689 035 $a(MiAaPQ)EBC934496 035 $a(FRCYB88850689)88850689 035 $a(DE-B1597)723762 035 $a(DE-B1597)9781849693318 035 $a(OCoLC)794488929 035 $a(UkLoBP)BP9781849693318BVA 035 $a(EXLCZ)992670000000161633 100 $a20120420d2012 uy 0 101 0 $aeng 135 $aur|n|---||||| 181 $ctxt 182 $cc 183 $acr 200 10$aAdobe Edge Quickstart guide /$fJoseph Labrecque 205 $a1st ed. 210 1$aBirmingham, UK :$cPackt Publishing,$d2012. 210 2$aLondon :$cBloomsbury Publishing (UK),$d2025. 215 $a1 online resource (136 p.) 225 1 $aCommunity experience distilled 300 $aDescription based upon print version of record. 311 08$a9781849693301 311 08$a1849693307 320 $aIncludes bibliographical references and index. 327 $aCover; Copyright; Credits; About the Author; About the Reviewer; www.PacktPub.com; Table of Contents; Preface; Chapter 1: Introduction to Adobe Edge; Why we need Adobe Edge; Flash Player restrictions; The relationship between Adobe Edge and Adobe Flash Professional; Comparisons with Adobe Flash Professional; Stage; Timeline; Keyframes; Symbols; Library; Actions; HTML technology maturity; Mobile deployment; What Adobe Edge can be used for; Web animation; Interactive content; The history of Adobe Edge; The inner workings of Edge; HTML, CSS, and JavaScript; HTML; CSS; JavaScript 327 $aHow jQuery is used in EdgeJSON; The Adobe Edge Runtime; Getting started; Installing Adobe Edge; The Adobe Edge welcome screen; Creating a new Edge Project; Save; Save As...; Edge project file structure; Summary; Chapter 2: The Edge Application Interface; Application interface overview; The application window; Customizing the Edge panel layout; Managing workspaces; The Edge menu system; File; Edit; View; Modify; Timeline; Window; Help; The Edge Toolbar; Selection tool; Transform tool; Rectangle tool; Rounded Rectangle tool; Text tool; Background Color and Border Color; The Stage 327 $aThe Edge TimelinePanels in Edge; Elements panel; Library panel; Properties panel; Actions panel; Summary; Chapter 3: Working with Edge Tools and Managing Assets; Using the drawing tools; The Rectangle tool; Using the Rectangle tool; The Rounded Rectangle tool; Using the Rounded Rectangle tool; The Text tool; Using the Text tool; Using web fonts; The Selection and Transform tools; Using the Selection tool; Color tools; Importing external assets; What is SVG?; Importing SVG images; What is a bitmap?; Importing bitmap Images; Working with imported assets; Converting assets into symbols 327 $aCreate a SymbolSummary; Chapter 4: Creating Motion with Edge; Animation within Edge; The Edge Timeline; Playback controls; Time; Search; Timeline options; Timeline controls; The Playhead; The Mark; Zoom controls; Keyframes; Creating motion; Animating with the Playhead; Animating with the Mark; Editing Transition; Duration; Delay; End; Easing; Example: Animating a website header; Project setup, asset import, and general layout; Animating elements; Summary; Chapter 5: Adding Interactivity to an Edge Composition; Working with Actions; The Timeline Actions layer; Working with Triggers 327 $aWorking with LabelsApplying Actions to the Stage; Applying Actions to individual elements; Overview: The Adobe Edge Runtime APIs; Document Object Model events; Mouse events; Touch events; Virtual mouse events; Timeline events; Example: Adding interactivity to a website header; Creating the Text element; Adding interactivity to the Title; Adding interactivity to the album art; Completing the final website header composition; Summary; Chapter 6: Additional Resources; Using an Edge composition within an existing website; Online resources; About the forthcoming book: Learning Adobe Edge 327 $aLearning Adobe Edge 330 $aAdobe Edge Quickstart Guide is a practical guide on creating engaging content for the Web with Adobe's newest HTML5 tool. By taking a chapter-by-chapter look at each major aspect of Adobe Edge, the book lets you digest the available features in small, easily understandable chunks, allowing you to start using Adobe Edge for your web design needs immediately. If you are interested in creating engaging motion and interactive compositions using web standards with professional tooling, then this book is for you. Those with a background in Flash Professional wanting to get started quickly with Adobe 606 $aHTML (Document markup language) 606 $aWeb sites$xDesign 606 $aDigital animation$2bicssc 615 0$aHTML (Document markup language) 615 0$aWeb sites$xDesign 615 7$aDigital animation 676 $a006.68 700 $aLabrecque$b Joseph$01084090 801 0$bUkLoBP 801 1$bUkLoBP 906 $aBOOK 912 $a9910966587103321 996 $aAdobe Edge Quickstart guide$94342040 997 $aUNINA